Odlev priamych zahraničných investícií a stupeň ekonomického rozvoja Slovenska na vybraných príkladoch

Priame zahraničné investície: teória podľa Johna Dunninga. Priame zahraničné investície na Slovensku. Prílev a odlev priamych zahraničných investícií zo Slovenska a na Slovensko. Stupeň Slovenska podľa IDP Johna Dunninga.

Na minha lista:
Detalhes bibliográficos
Autor principal: Ferenčíková, Soňa, 1960-
Outros Autores: Pappová, Alexandra
Formato: Capítulo de Livro
Idioma:eslovaco
Assuntos:
Tags: Adicionar Tag
Sem tags, seja o primeiro a adicionar uma tag!

MARC

LEADER 00000naa a2200000 4500
001 0128699
005 20240709094526.2
041 0 |a slo 
044 |a SK 
245 1 0 |a Odlev priamych zahraničných investícií a stupeň ekonomického rozvoja Slovenska na vybraných príkladoch  |c Soňa Ferenčíková, Alexandra Pappová 
520 |a Priame zahraničné investície: teória podľa Johna Dunninga. Priame zahraničné investície na Slovensku. Prílev a odlev priamych zahraničných investícií zo Slovenska a na Slovensko. Stupeň Slovenska podľa IDP Johna Dunninga. 
610 2 0 |a investície priame zahraničné 
610 2 0 |a rozvoj hospodársky 
610 2 0 |a Slovensko 
610 2 0 |a priemysel 
610 2 0 |a SVE 
100 1 |a Ferenčíková, Soňa, 1960- 
700 1 |a Pappová, Alexandra